000
00316nam a2200109Ia 4500
008
171204s9999 xx 000 0 und d
245
_a
Programming FPGAs: Getting Started with Verilog:
245
_c
Simon Monk
260
_c
2016
650
_x
Programming 1-13
856
_u
http://down.ebook777.com/056/125964376X.pdf
999
_c
345910
_d
345910